| 000 | 00621nam a2200241Ia 4500 | ||
|---|---|---|---|
| 003 | 0100 | ||
| 008 | 130307s9999 xx 000 0 und d | ||
| 020 | _a1587680076 | ||
| 040 | _cARRUPELIB | ||
| 050 | _aBT102.S68 2000 | ||
| 100 | _aStannard Russell | ||
| 245 | 4 | _aThe God Experiment | |
| 245 | _bCan science prove the existence of God? | ||
| 260 | _aNew Jersey | ||
| 260 | _bHiddenSpring | ||
| 260 | _c2000 | ||
| 300 | _aviii | ||
| 300 | _b248p. 22cm. | ||
| 650 | _aRELIGION | ||
| 650 | _bBible NT Corinthians--Criticism, interpretation, etc | ||
| 650 | _cCorinth (Greece)--Church history | ||
| 942 | 0 | 0 | _01 |
| 999 |
_c94776 _d94776 |
||